Diccionario de třminos contables

Detalles Bibliográficos
Formato: eBook
Lenguaje:español
Publicado: Mx̌ico D.F. : Instituto Mexicano de Contadores Pb︢licos, 2002
Materias:
Acceso en línea:http://www.vlex.com/source/7117

MARC

LEADER 00000nam a22000007a 4500
005 20130225144435.0
007 cr|||| ||||
008 130225e2002 mx |||||s|||| 00||0 spa d
020 |a 970-665-114-4 
035 |a 7117 
040 |a vLex 
090 |c 3741  |d 3741 
245 0 0 |a Diccionario de třminos contables  |h [Recurso electrn̤ico] 
256 |a Servicio en ln̕ea 
260 |a Mx̌ico D.F. :  |b Instituto Mexicano de Contadores Pb︢licos,   |c 2002 
300 |a Recurso electrn̤ico 
650 0 4 |a Contabilidad  |v Diccionarios 
650 0 4 |a Empresa  |v Diccionarios 
650 0 4 |a Economa̕  |v Diccionarios 
740 |a vLex Libros (Servicio en ln̕ea) 
856 |a Acceso restringido  |u http://www.vlex.com/source/7117 
942 |c BOOK 
999 0 |a Accounting